| 000 | 02774nam0a2200397 4500 | ||
|---|---|---|---|
| 001 | RU\NLR\BIBL_A\012920592 | ||
| 005 | 20221228112144.0 | ||
| 010 |
_a978-5-00125-663-2 _9500 |
||
| 021 |
_aRU _bКН-П-22-062653 _9КН-П-22-5426 |
||
| 035 | _a(NLR Aleph) 012920592 | ||
| 035 | _a(RuMoRGB)011207860 | ||
| 090 |
_a12643221 _c12643221 |
||
| 100 | _a20221025d2022 u y0rusy50 ca | ||
| 101 | 1 |
_arus _cfre |
|
| 102 | _aRU | ||
| 105 | _aac z 010zy | ||
| 181 | 0 |
_ai3 _baxxe |
|
| 182 | 0 | _an | |
| 200 | 1 |
_aИстория черкесских мамлюков. Султанат Малика Ашрафа Абуль-Нафа Саифа аль-Дина Каитбая Махмуда Захири _fИбн Ияс _gперевод с французского К. А. Мальбахова _gМинистерство науки и высшего образования Российской Федерации, Кабардино-Балкарский государственный университет имени Х. М. Бербекова |
|
| 203 |
_aТекст _bвизуальный _cнепосредственный |
||
| 210 |
_aНальчик _c[б. и. ] _aСанкт-Петербург _cРеноме _d2022 |
||
| 215 |
_a408 с., [4] л. ил. _cпортр. _d21 |
||
| 300 | _aЗагл. обл.: История черкесских мамлюков | ||
| 300 | _aПосвящается 90-летию Кабардино-Балкарского государственного университета имени Х. М. Бербекова | ||
| 330 | _aДанное издание "Истории черкесских мамлюков", автором которой является Ибн Ияс (1448-1524), стало первым переводом на русский язык, позволяющим прикоснуться к этому ценному литературному источнику не только специалистам, но и широкому кругу ценителей исторических повествований | ||
| 512 | 1 | _aИстория черкесских мамлюков | |
| 606 | 1 |
_aМамлюки черкесские _jИсточники и источниковедение _xИстория _92551881 _3RU\NLR\AUTH\661509971 |
|
| 675 |
_a94(620)(=352.3) _v4 |
||
| 686 | 1 | _aТ3(6Ег)4,022 | |
| 686 | 1 | _aТ3(5Ср)4,01 | |
| 700 | 1 |
_7ca _8rus _aИбн Ияс _bМ. И. А. _f1448-1524 _gМухаммад Ибн Ахмат _9250563 _3RU\NLR\AUTH\770250619 |
|
| 702 | 0 |
_4570 _7ca _8rus _aКаитбай _cсултан египетский и сирийский _fок.1416-1496 _9250573 _3RU\NLR\AUTH\770250629 |
|
| 942 | _cBOOK | ||
| 980 | _aNB | ||